Paroles de "Foule sentimentale" - Statistiques

Statistiques générales
  • Ce quiz a été pris 1 252 fois
  • Le résultat moyen est 177 sur 218
Statistiques - réponses
Réponse % Correct
se
99%
a
98%
Foule
98%
le
98%
Le
98%
sentimentale
98%
de
97%
De
97%
on
97%
On
97%
des
96%
Des
96%
dès
96%
comme
95%
Comme
95%
les
95%
nous
95%
chose
94%
Et
94%
et
94%
pas
94%
Que
94%
choses
93%
la
93%
par
93%
d'idéal
92%
commerciales
91%
soif
91%
en
90%
qu'on
90%
étoiles
88%
ces
87%
Il
87%
vie
87%
rose
86%
faut
85%
parle
85%
propose
85%
Qui
85%
qui
85%
voiles
85%
voir
84%
Oh
83%
c'est
82%
D'avoir
82%
d'avoir
82%
fait
80%
bonheur
79%
car
78%
croire
78%
nos
78%
quantités
78%
plein
77%
armoires
75%
est
75%
Claudia
74%
Attirée
73%
d'autre
73%
envie
73%
71%
Du
70%
donnent
69%
cartons
67%
d'emballage
67%
dégage
66%
l'avoir
65%
déconner
64%
pour
64%
Pour
64%
Un
63%
un
63%
dérisoires
61%
alors
60%
désir
60%
inflige
58%
affligent
57%
cons
57%
désirs
57%
mal
57%
sans
56%
d'usage
55%
faire
55%
hors
55%
Paul-Loup
54%
Avec
53%
Foules
53%
peut
53%
sentimentales
53%
gens
52%
avantage
51%
Dérisions
51%
aucun
50%
Attirées
49%
ciel
49%
prend
49%
Sulitzer
48%
lavés
47%
rêve
43%
tristes
42%
cheval
41%
enfants
39%
Aïe
37%
demain
32%
emballe
32%
pâles
30%
ravagea
30%
mieux
28%
Schieffer
28%
dévale
22%
moukère
21%
Aucun quiz correspondant
Distribution des résultats
% des personnes avec chaque résultat
Percentile par nombre de réponses
Votre historique - résultats
Vous n’avez pas pris ce quiz